| 000 | 01020nam a2200205 a 4500 | ||
|---|---|---|---|
| 001 | 51265 | ||
| 005 | 20180714040639.0 | ||
| 008 | 140415s2006 sp 000 0 spa d | ||
| 020 | _a8427714106 | ||
| 041 | _aspa | ||
| 082 |
_a153.9 _bANT |
||
| 100 | 1 | _aANTUNES, CELSO | |
| 245 | 1 | 0 | _aJUEGOS PARA ESTIMULAR LAS INTELIGENCIAS MULTIPLES |
| 250 | _a2a ed. | ||
| 260 |
_aESPAÑA : _bNARCEA DE EDICIONES, _c2006 |
||
| 300 |
_a177 _c16.5 x 1.2 x 24 |
||
| 490 | _aCOLECCION EDUCACION ESPECIAL | ||
| 520 | _aES UNA OBRA DESTINADA A PROFESORES DESDE EDUCACIÓN INFANTIL A SECUNDARIA, ESTUDIANTES DE MAGISTERIO Y PEDAGOGÍA, PSICÓLOGOS Y PSICOPEDAGÓGOS, DIRECTORES Y ADMINISTRADORES ESCOLARES, PADRES Y PROFESIONALES EN RECURSOS HUMANOS. ESTE LIBRO PROPONE MÁS DE 300 JUEGOS O PROPUESTAS DE ESTÍMULOS PARA TRABAJAR LAS INTELIGENCIAS:LINGUISTICA, LÓGICO MATEMÁTICA, EPACIAL ,MUSICAL, CINESTÉSICA-CORPORAL, NATURALISTA, PICTÓRICA Y PERSONAL. | ||
| 650 | 1 | 4 |
_aEDUCACION _xEMOCIONES _xINTELIGENCIA _xMEMORIA |
| 999 |
_c51265 _d51265 |
||